| 000 | 00635nam a2200229 a 4500 | ||
|---|---|---|---|
| 001 | BRCA_7744 | ||
| 005 | 20190320205955.0 | ||
| 008 | 060913s195u----ne-a######---#000-0#dut-# | ||
| 041 | _adut | ||
| 044 | _ane | ||
| 050 | 4 |
_aNE670.R4 _b.K58 |
|
| 100 | 1 |
_aKnuttel, Gerard _919164 |
|
| 245 | 1 | 0 |
_aRembrandt Radierungen _cGerard Knuttel. |
| 260 |
_aLa Haya _bL. J. C. Boucher _c[195-?] |
||
| 300 |
_a32 p. _bil., 52 láminas _c19 cm. |
||
| 500 | _aU95 | ||
| 600 | 1 | 4 |
_aRembrandt Hermanszoon van Rijn _d1606-1669 _919165 |
| 650 | 1 | 4 |
_aGrabados holandeses _919166 |
| 650 | 1 | 4 |
_aGrabadores holandeses _97366 |
| 902 | _aGFM | ||
| 942 |
_2lcc _cB |
||
| 999 |
_c7418 _d7418 |
||